000 00300nam a2200121Ia 4500
008 190216s9999||||xx |||||||||||||| ||und||
100 _aProf.Mahaveer Saran Jain
245 0 _aHindi-Bhagavan Mahaveer Ev Jain Dhakshin
260 _bLok Bharat
_c2008
300 _a304
650 _aHindi
942 _cBK
999 _c16513
_d16513